Основы гидравлики бурных потоков

Бібліографічні деталі
Автор: Айвазян О. М. Оганес Мкртичевич
Резюме:Это третья книга профессора О. М. Айвазяна из его трилогии, содержащей радикальную переработку современной гидравлики. Она посвящена представлению результатов этой переработки в разделе гидравлики, относящемся к проблемам бурных потоков. В ней продемонстрированы оригинальные авторские теоретические разработки, адекватные полуэмпирические обобщения и компактное формульное представление данных экспериментальных исследований, натурных измерений и наблюдений. Книга адресована инженерному корпусу гидравликов, учёным-исследователям в области гидравлики и смежных научных и инженерных дисциплин, обучающейся молодёжи — аспирантам и студентам старших курсов соответствующих учебных заведений. Книга, безусловно, адресуется специалистам по проектированию и эксплуатации гидравлических систем и гидротехнических сооружений и организациям, разрабатывающим нормативную документацию в этой области техники.
Мова:Російська
Опубліковано: Москва, Регулярная и хаотическая динамика, 2010
Серія:Современные нефтегазовые технологии
Предмети:
Формат: MixedMaterials Книга
KOHA link:https://koha.lib.tpu.ru/cgi-bin/koha/opac-detail.pl?biblionumber=195112

MARC

LEADER 00000nam0a2200000 4500
001 195112
005 20231101224613.0
010 |a 9785939728591 
035 |a (RuTPU)RU\TPU\book\212840 
090 |a 195112 
100 |a 20110503d2010 k y0rusy50 ca 
101 0 |a rus 
102 |a RU 
105 |a a z 001zy 
200 1 |a Основы гидравлики бурных потоков  |f О. М. Айвазян 
210 |a Москва  |c Регулярная и хаотическая динамика  |a Ижевск  |c Институт компьютерных исследований  |d 2010 
215 |a 266 с.  |c ил. 
225 1 |a Современные нефтегазовые технологии 
320 |a Библиогр.: с. 260-266. 
330 |a Это третья книга профессора О. М. Айвазяна из его трилогии, содержащей радикальную переработку современной гидравлики. Она посвящена представлению результатов этой переработки в разделе гидравлики, относящемся к проблемам бурных потоков. В ней продемонстрированы оригинальные авторские теоретические разработки, адекватные полуэмпирические обобщения и компактное формульное представление данных экспериментальных исследований, натурных измерений и наблюдений. Книга адресована инженерному корпусу гидравликов, учёным-исследователям в области гидравлики и смежных научных и инженерных дисциплин, обучающейся молодёжи — аспирантам и студентам старших курсов соответствующих учебных заведений. Книга, безусловно, адресуется специалистам по проектированию и эксплуатации гидравлических систем и гидротехнических сооружений и организациям, разрабатывающим нормативную документацию в этой области техники. 
606 1 |a Потоков теория  |2 stltpush  |3 (RuTPU)RU\TPU\subj\59496  |9 77018 
610 1 |a гидравлика 
610 1 |a бурные потоки 
610 1 |a неаэрированные потоки 
610 1 |a несжимаемые вязкие жидкости 
610 1 |a равномерные течения 
610 1 |a коэффициент сопротивления 
610 1 |a гидравлическое сопротивление 
610 1 |a бетонные русла 
610 1 |a лотковые каналы 
610 1 |a призматические русла 
610 1 |a неравномерные течения 
610 1 |a плавноизменяющиеся течения 
610 1 |a расчет 
610 1 |a аэрированные потоки 
610 1 |a аэрация 
610 1 |a аэрационно-критические состояния 
610 1 |a призматические быстротоки 
610 1 |a плотины 
610 1 |a водосливные грани 
610 1 |a сквозной расчет 
675 |a 532.54  |v 3 
700 1 |a Айвазян  |b О. М.  |g Оганес Мкртичевич 
801 1 |a RU  |b 63413507  |c 20110503 
801 2 |a RU  |b 63413507  |c 20111212  |g RCR 
942 |c BK 
959 |a 44/20110427  |d 1  |e 720,00  |f ЧЗТЛ:1